<?xml version="1.0" encoding="UTF-8"?>
<record
    xmlns:xsi="http://www.w3.org/2001/XMLSchema-instance"
    xsi:schemaLocation="http://www.loc.gov/MARC21/slim http://www.loc.gov/standards/marcxml/schema/MARC21slim.xsd"
    xmlns="http://www.loc.gov/MARC21/slim">

  <leader>01678nam a2200289 i 4500</leader>
  <datafield tag="999" ind1=" " ind2=" ">
    <subfield code="c">7770</subfield>
    <subfield code="d">7770</subfield>
  </datafield>
  <controlfield tag="001">991060891976506706</controlfield>
  <controlfield tag="003">OSt</controlfield>
  <controlfield tag="005">20230912122821.0</controlfield>
  <controlfield tag="008">221212s2022    spcag||  |||| 0|0 mdcat d</controlfield>
  <datafield tag="017" ind1=" " ind2=" ">
    <subfield code="a">DL GI 1403-2022</subfield>
    <subfield code="b">Biblioteca de Catalunya</subfield>
  </datafield>
  <datafield tag="020" ind1=" " ind2=" ">
    <subfield code="a">9788409444052</subfield>
  </datafield>
  <datafield tag="040" ind1=" " ind2=" ">
    <subfield code="a">ES-BaBC</subfield>
    <subfield code="b">cat</subfield>
    <subfield code="e">rda</subfield>
    <subfield code="c">CDMR</subfield>
  </datafield>
  <datafield tag="080" ind1=" " ind2=" ">
    <subfield code="a">821.134.1-1</subfield>
    <subfield code="x">"19"</subfield>
    <subfield code="2">2004</subfield>
  </datafield>
  <datafield tag="080" ind1=" " ind2=" ">
    <subfield code="a">821.134.1Cany&#xE0;, Llucieta.07</subfield>
    <subfield code="2">2004</subfield>
  </datafield>
  <datafield tag="080" ind1=" " ind2=" ">
    <subfield code="a">141.72</subfield>
    <subfield code="2">2004</subfield>
  </datafield>
  <datafield tag="245" ind1="0" ind2="0">
    <subfield code="a">Llucieta Cany&#xE0;, l'etern oblit :</subfield>
    <subfield code="b">una escriptora en un m&#xF3;n d'homes</subfield>
  </datafield>
  <datafield tag="264" ind1=" " ind2="1">
    <subfield code="a">La Bisbal d'Empord&#xE0; :</subfield>
    <subfield code="b">Associaci&#xF3; Indilletres,</subfield>
    <subfield code="c">2022</subfield>
  </datafield>
  <datafield tag="300" ind1=" " ind2=" ">
    <subfield code="a">293 p&#xE0;gines :</subfield>
    <subfield code="b">il&#xB7;lustracions, m&#xFA;sica ;</subfield>
    <subfield code="c">24 cm</subfield>
  </datafield>
  <datafield tag="504" ind1=" " ind2=" ">
    <subfield code="a">Inclou refer&#xE8;ncies bibliogr&#xE0;fiques</subfield>
  </datafield>
  <datafield tag="505" ind1="8" ind2=" ">
    <subfield code="a">Cont&#xE9;:  Una cambra on poder escriure / de Xavier Cortadellas -- Converses : parlant amb Llucieta Cany&#xE0; / de Merc&#xE8; Rodoreda -- Siluetes femenines / de Llucieta Cany&#xE0; -- Petit diccionari de L'etern mascul&#xED; / de Llucieta Cany&#xE0; -- Tres poemes in&#xE9;dits / de Llucieta Cany&#xE0; -- Partitures de dos poemes in&#xE9;dits de Llucieta Cany&#xE0; / d'Emili Sal&#xF3; -- La clau de les vict&#xF2;ries / de Judit Pujad&#xF3; -- Llucieta Cany&#xE0;, feminista i conservadora / de Xavier Cortadellas -- L'autoajuda segons la Llucieta Cany&#xE0; / de Vicen&#xE7; Pag&#xE8;s -- Llucieta Cany&#xE0;, la feminista t&#xE8;bia / Maria &#xC0;ngels Cabr&#xE9; -- Llucieta Cany&#xE0;, redactora de La veu de Catalunya / de Neus Real -- "Mon femen&#xED;": selecci&#xF3; de cent articles de Llucieta Cany&#xE0;</subfield>
  </datafield>
  <datafield tag="600" ind1="1" ind2="7">
    <subfield code="a">Cany&#xE0;, Llucieta,</subfield>
    <subfield code="d">1907-1980</subfield>
    <subfield code="x">Cr&#xED;tica i interpretaci&#xF3;</subfield>
    <subfield code="2">lemac</subfield>
  </datafield>
  <datafield tag="650" ind1=" " ind2="0">
    <subfield code="a">Dones periodistes</subfield>
    <subfield code="9">2913</subfield>
    <subfield code="z">Catalunya</subfield>
  </datafield>
  <datafield tag="710" ind1="2" ind2=" ">
    <subfield code="a">Associaci&#xF3; Indilletres.</subfield>
  </datafield>
  <datafield tag="908" ind1=" " ind2=" ">
    <subfield code="a">UAB</subfield>
    <subfield code="a">BC</subfield>
  </datafield>
  <datafield tag="940" ind1=" " ind2=" ">
    <subfield code="a">BC</subfield>
  </datafield>
  <datafield tag="942" ind1=" " ind2=" ">
    <subfield code="2">udc</subfield>
    <subfield code="c">MON</subfield>
  </datafield>
  <datafield tag="952" ind1=" " ind2=" ">
    <subfield code="0">0</subfield>
    <subfield code="1">0</subfield>
    <subfield code="4">0</subfield>
    <subfield code="7">0</subfield>
    <subfield code="a">CDMR</subfield>
    <subfield code="b">CDMR</subfield>
    <subfield code="d">2023-09-12</subfield>
    <subfield code="e">Donaci&#xF3;</subfield>
    <subfield code="g">15.00</subfield>
    <subfield code="l">0</subfield>
    <subfield code="o">Du 5/53</subfield>
    <subfield code="p">CDMR23090007</subfield>
    <subfield code="r">2023-09-12</subfield>
    <subfield code="w">2023-09-12</subfield>
    <subfield code="y">MON</subfield>
  </datafield>
</record>
